Clique em um País Válido A-Z - Statistics

Estatísticas Gerais
  • Esse quiz foi jogado 106 428 vezes
  • A pontuação média é 7 de 23
Respostas no mapa
Respostas codificadas por cores de uma escala verde-vermelha no mapa do quiz de acordo com a % correta abaixo.
 
Estatísticas das Respostas
Resposta % Correto
A
59%
B
58%
C
49%
E
47%
R
43%
M
41%
I
36%
P
35%
D
32%
F
32%
U
32%
V
29%
J
28%
N
27%
S
27%
G
25%
T
24%
L
21%
O
20%
Z
17%
H
16%
K
15%
Q
14%
Nenhum quiz correspondente encontrado
Distribuição das Pontuações
Porcentagem de Pessoas com Cada Pontuação
Percentil de Números Respondidos
Sua Pontuação Histórica
Você não jogou esse quiz